Gesù al Getsemani (Record n. 342149)
[ formato base ]
| 000 -LEADER | |
|---|---|
| fixed length control field | 01135nam a2200265Ia 4500 |
| 001 - CONTROL NUMBER | |
| control field | 242.1-MOR to tr (13902) |
| 003 - CONTROL NUMBER IDENTIFIER | |
| control field | IT-MiSPE |
| 008 - FIXED-LENGTH DATA ELEMENTS--GENERAL INFORMATION | |
| fixed length control field | 171229s9999||||xx |||||||||||||| ||und|| |
| 040 ## - CATALOGING SOURCE | |
| Original cataloging agency | IT-MiSPE |
| Transcribing agency | IT-MiSPE |
| 041 ## - LANGUAGE CODE | |
| Language code of text/sound track or separate title | ITALIANO |
| 999 ## - SYSTEM CONTROL NUMBERS (KOHA) | |
| Koha Dewey Subclass [OBSOLETE] | NO |
| 100 ## - MAIN ENTRY--PERSONAL NAME | |
| Personal name | Thomas More (Tommaso Moro) |
| Miscellaneous information | santo |
| 240 ## - UNIFORM TITLE | |
| Uniform title | De tristitia Christi |
| 245 #0 - TITLE STATEMENT | |
| Title | Gesù al Getsemani |
| 250 ## - EDITION STATEMENT | |
| Edition statement | 1a ed. (v) |
| 260 ## - PUBLICATION, DISTRIBUTION, ETC. (IMPRINT) | |
| Place of publication, distribution, etc. | Milano |
| Name of publisher, distributor, etc. | Paoline |
| Date of publication, distribution, etc. | 2001 |
| 300 ## - PHYSICAL DESCRIPTION | |
| Extent | 233 p. |
| Dimensions | 20 cm |
| 490 ## - SERIES STATEMENT | |
| Series statement | Letture cristiane del II millennio |
| Volume/sequential designation | 27 |
| 501 ## - WITH NOTE | |
| With note | Edizioni San Paolo srl - Piazza Soncino, 5 - 20092 CINISELLO BALSAMO (MI) (non commercial uses only) ® Copyright 2018 |
| 520 ## - SUMMARY, ETC. | |
| Summary, etc. | Domenico Pezzini (intr. e note) |
| 700 ## - ADDED ENTRY--PERSONAL NAME | |
| Personal name | Domenico Pezzini |
| 700 ## - ADDED ENTRY--PERSONAL NAME | |
| Personal name | Simona Erotoli |
| Miscellaneous information | (traduzione) |
| 942 ## - ADDED ENTRY ELEMENTS (KOHA) | |
| Koha item type | LIBRO |
| 957 ## - | |
| -- | 1 |
| 999 ## - SYSTEM CONTROL NUMBERS (KOHA) | |
| -- | Copie: 1 |
| Withdrawn status | Lost status | Damaged status | Not for loan | Home library | Current library | Date acquired | Total Checkouts | Full call number | Date last seen | Price effective from | Koha item type | Public note |
|---|---|---|---|---|---|---|---|---|---|---|---|---|
| Buone Condizioni | Not For Loan | CINISELLO | CINISELLO | 30/12/2017 | 242.1-MOR to tr (13902) | 30/12/2017 | 30/12/2017 | LIBRO | (data import: 20 dicembre 2017) - By Epidotti, Vaglietti. |